Pelajaran anak memerang

Bibliographic Details
Main Author: Kelembai
Corporate Author: Title
Format: Book
Published: Selangor : Eddiplex , 2006
Series:Siri kisah-kisah sang pungguk
Subjects:

MARC

LEADER 00000cam a2200000 7i4500
001 0000000704
005 20220105103913.0
008 070702
020 |a 983880729X(set) 
020 |a 9838807389 
090 0 0 |a JP   |b MAL (450) 
100 0 |a Kelembai 
245 1 0 |a Pelajaran anak memerang   |c Kelembai 
260 |a Selangor :   |b Eddiplex ,   |c 2006 
440 |a Siri kisah-kisah sang pungguk 
500 |a Children age 4-6 years old (yellow) 
650 0 |a Junior preschool   |x Malay   |x Languages 
710 0 |a Title 
999 |a 0000942680   |b Book   |c Children Collection   |e Cawangan Taman Sri Lambak 
999 |a 0000942682   |b Book   |c Children Collection   |e Cawangan Taman Sri Lambak 
999 |a 0000960269   |b Book   |c Children Collection   |e Cawangan Taman Universiti 
999 |a 0000960271   |b Book   |c Children Collection   |e Perbadanan Perpustakaan Awam Johor 
999 |a 0000960272   |b Book   |c Children Collection   |e Cawangan Taman Universiti